[Event "FRA-chT4 1516"]
[Site "Champagne Ardennes"]
[Date "2016.04.03"]
[Round "7"]
[White "Wille, Frederic"]
[Black "Szezespanski, Herve"]
[Result "1-0"]
[WhiteElo "1569"]
[BlackElo "1399"]
[PlyCount "93"]
[EventDate "2015.12.06"]
[EventType "team-tourn"]
[EventRounds "7"]
[EventCountry "FRA"]
[SourceTitle "EXT 2024"]
[Source "ChessBase"]
[SourceDate "2023.10.10"]
[SourceVersion "1"]
[SourceVersionDate "2023.10.10"]
[SourceQuality "1"]

1. d4 Nf6 2. Nf3 d6 3. Nc3 g6 4. e4 Bg7 5. h3 a6 6. a4 0-0 7. Be3 e6 8. Be2 Bd7 9. 0-0 Nc6 10. Qd2 d5 11. e5 Ne4 12. Nxe4 dxe4 13. Ng5 Ne7 14. Nxe4 Bc6 15. Bd3 Nf5 16. c3 Nxe3 17. Qxe3 Qh4 18. Qg5 Qxg5 19. Nxg5 h6 20. Ne4 Rad8 21. f4 a5 22. Rf2 b6 23. Bc2 Bb7 24. g4 Bc8 25. Ng3 Rfe8 26. f5 exf5 27. gxf5 g5 28. f6 Bf8 29. Bf5 Bxf5 30. Nxf5 Kh7 31. Re1 c5 32. Re4 cxd4 33. cxd4 Rc8 34. h4 gxh4 35. Rxh4 Rc4 36. Rfh2 Rc1+ 37. Kg2 Rc2+ 38. Kf3 Rxh2 39. Rxh2 Rc8 40. Ke4 Rc4 41. b3 Rc3 42. d5 Rxb3 43. d6 Rb4+ 44. Kd5 b5 45. d7 bxa4 46. d8Q Rb5+ 47. Kc6 1-0

[Event "FRA-chT4 1516"]
[Site "Champagne Ardennes"]
[Date "2016.03.13"]
[Round "2"]
[White "Wille, Frederic"]
[Black "Louot, Catherine"]
[Result "1-0"]
[WhiteElo "1569"]
[BlackElo "1332"]
[PlyCount "77"]
[EventDate "2015.12.06"]
[EventType "team-tourn"]
[EventRounds "7"]
[EventCountry "FRA"]
[SourceTitle "EXT 2024"]
[Source "ChessBase"]
[SourceDate "2023.10.10"]
[SourceVersion "1"]
[SourceVersionDate "2023.10.10"]
[SourceQuality "1"]

1. d4 d5 2. Nf3 Nc6 3. Bf4 Bf5 4. e3 e6 5. a3 Nf6 6. c4 Be7 7. Nc3 0-0 8. Rc1 Na5 9. cxd5 exd5 10. Ne5 Rc8 11. b4 Nc6 12. Nxc6 bxc6 13. Ba6 Rb8 14. 0-0 Bd6 15. Bg5 Bxh2+ 16. Kxh2 Ng4+ 17. Qxg4 Bxg4 18. Bxd8 Rfxd8 19. Be2 Bf5 20. Bf3 Rd6 21. Rh1 Rh6+ 22. Kg1 Rg6 23. Ne2 Rb6 24. Ng3 Bd7 25. e4 dxe4 26. Bxe4 Ra6 27. Bxg6 fxg6 28. Rc3 Rb6 29. Rh4 g5 30. Re4 g6 31. Re7 Bg4 32. Rxc7 Rb5 33. Re3 Kf8 34. Rxa7 Rd5 35. Ree7 Rxd4 36. Rxh7 Kg8 37. Rhc7 Rd8 38. Rxc6 Bd7 39. Rd6 1-0

[Event "FRA-chT4 1314"]
[Site "Champagne Ardennes"]
[Date "2014.04.06"]
[Round "7"]
[White "Wille, Frederic"]
[Black "Tatard, Marie"]
[Result "1/2-1/2"]
[WhiteElo "1593"]
[BlackElo "1845"]
[PlyCount "85"]
[EventDate "2013.10.25"]
[EventType "team-tourn"]
[EventRounds "7"]
[EventCountry "FRA"]
[SourceTitle "EXT 2024"]
[Source "ChessBase"]
[SourceDate "2023.10.10"]
[SourceVersion "1"]
[SourceVersionDate "2023.10.10"]
[SourceQuality "1"]

1. d4 Nf6 2. Nf3 g6 3. c4 Bg7 4. Nc3 0-0 5. e4 d6 6. Be2 Re8 7. 0-0 c5 8. h3 cxd4 9. Nxd4 Nc6 10. Be3 a6 11. Qd2 Qc7 12. Rac1 Bd7 13. Rfd1 Rac8 14. b3 Qb8 15. Bf3 Ne5 16. Be2 Nc6 17. f3 Nh5 18. Nd5 Nxd4 19. Bxd4 Bxd4+ 20. Qxd4 Bc6 21. Qd2 Ng3 22. Qe1 Qa7+ 23. Kh2 Bxd5 24. Qxg3 Bc6 25. Qf4 Qc5 26. Qd2 Red8 27. Qd4 Qxd4 28. Rxd4 Be8 29. Rcd1 Rc7 30. Kg3 f5 31. f4 fxe4 32. Rxe4 Bc6 33. Red4 Rf8 34. Bg4 Rf6 35. Bf3 Bxf3 36. Kxf3 Rc8 37. Re1 e5 38. Rde4 Rcf8 39. g3 g5 40. c5 exf4 41. cxd6 fxg3+ 42. Kxg3 Rxd6 43. Kg4 1/2-1/2

[Event "FRA-chT4 1314"]
[Site "Champagne Ardennes"]
[Date "2013.11.24"]
[Round "2"]
[White "Louot, Catherine"]
[Black "Wille, Frederic"]
[Result "0-1"]
[WhiteElo "1573"]
[BlackElo "1560"]
[PlyCount "96"]
[EventDate "2013.10.25"]
[EventType "team-tourn"]
[EventRounds "7"]
[EventCountry "FRA"]
[SourceTitle "EXT 2024"]
[Source "ChessBase"]
[SourceDate "2023.10.10"]
[SourceVersion "1"]
[SourceVersionDate "2023.10.10"]
[SourceQuality "1"]

1. e4 c6 2. d4 d5 3. exd5 cxd5 4. Nf3 Bg4 5. Be2 Nc6 6. Nbd2 Nf6 7. c3 e6 8. Qb3 Qc7 9. Bb5 Bd6 10. 0-0 0-0 11. Bxc6 bxc6 12. Re1 Rfb8 13. Qc2 c5 14. Ne5 cxd4 15. Nxg4 Nxg4 16. Nf3 dxc3 17. bxc3 Bxh2+ 18. Kh1 Bf4 19. Ba3 Rc8 20. Qa4 Nxf2+ 21. Kg1 Ne4 22. Bb2 Qb6+ 23. Qd4 Qxb2 24. Reb1 Qxc3 25. Qxc3 Rxc3 26. Rf1 Be3+ 27. Kh2 Rac8 28. Rab1 f6 29. Rb7 R3c7 30. Rb3 Bf4+ 31. Kh3 Ng5+ 32. Nxg5 Bxg5 33. Re1 Rc3+ 34. Rxc3 Rxc3+ 35. g3 Kf7 36. Rb1 Rc7 37. Kg4 g6 38. Kf3 h5 39. Rh1 f5 40. Rb1 e5 41. a4 a5 42. Rb5 Bd2 43. Ke2 Bb4 44. Rxd5 Ke6 45. Rb5 Rd7 46. Rb6+ Rd6 47. Rb5 e4 48. Ke3 g5 0-1

[Event "FRA-chT4"]
[Site "France"]
[Date "2013.01.27"]
[Round "5"]
[White "Wille, Frederic"]
[Black "Fauchart, Francois"]
[Result "0-1"]
[WhiteElo "1596"]
[BlackElo "1621"]
[PlyCount "92"]
[EventDate "2012.10.24"]
[EventType "team-swiss"]
[EventRounds "9"]
[EventCountry "FRA"]
[SourceTitle "EXT 2014"]
[Source "ChessBase"]
[SourceDate "2013.11.20"]
[SourceVersion "1"]
[SourceVersionDate "2013.11.20"]
[SourceQuality "1"]

1. d4 Nf6 2. Nf3 d5 3. e3 Bf5 4. c4 c6 5. cxd5 cxd5 6. Qb3 Qc7 7. Bd2 e6 8. Bb5+ Nfd7 9. Ne5 Bd6 10. 0-0 Bxe5 11. dxe5 0-0 12. Bb4 Re8 13. Bd6 Qc2 14. Qxc2 Bxc2 15. Rc1 Bxb1 16. Raxb1 a6 17. Bxd7 Nxd7 18. Rc7 Nb6 19. b3 Rab8 20. Rbc1 Rbc8 21. Kf1 Red8 22. Ke2 Rxc7 23. Rxc7 Rd7 24. Kd3 f6 25. f4 Kf7 26. Kd4 fxe5+ 27. fxe5 Kg6 28. Kc5 Rxc7+ 29. Bxc7 Nc8 30. g4 Kg5 31. h3 Kh4 32. Bd8+ Kxh3 33. g5 Kg4 34. a4 Kf3 35. Kd4 Na7 36. Bb6 Nc6+ 37. Kc5 Ke4 38. Kd6 Nxe5 39. Kxe6 h5 40. Bd4 Nf3 41. Bxg7 Nxg5+ 42. Kf6 Nf3 43. Bh6 h4 44. Bf4 h3 45. Ke6 d4 46. exd4 Nxd4+ 0-1

[Event "Ardennes-ch 0102"]
[Site "Ardennes"]
[Date "2001.??.??"]
[Round "?"]
[White "Peltriaux, Guillaume"]
[Black "Wille, Frederic"]
[Result "1-0"]
[WhiteElo "1570"]
[BlackElo "1700"]
[PlyCount "79"]
[EventDate "2001.??.??"]
[EventType "swiss"]
[EventRounds "9"]
[EventCountry "FRA"]
[SourceTitle "EXT 2008"]
[Source "ChessBase"]
[SourceDate "2007.11.25"]
[SourceVersion "1"]
[SourceVersionDate "2007.11.25"]
[SourceQuality "1"]

1. e4 c6 2. d4 d5 3. exd5 cxd5 4. Nf3 Bg4 5. Be2 Nf6 6. Nbd2 e6 7. Ne5 Bxe2 8. Qxe2 Qb6 9. 0-0 Nc6 10. c3 Be7 11. Nb3 Qc7 12. Nxc6 Qxc6 13. Bg5 0-0 14. f3 b6 15. Rfc1 Rac8 16. Qa6 Rc7 17. a4 Qc4 18. Qb5 Ne8 19. Bxe7 Rxe7 20. Qxc4 dxc4 21. Nd2 Rc7 22. a5 b5 23. a6 Nf6 24. Re1 Rb8 25. Ne4 Nd7 26. f4 Rb6 27. f5 Rcc6 28. fxe6 fxe6 29. Ra5 Rxa6 30. Rxb5 Rcb6 31. Rxb6 Rxb6 32. Re2 h6 33. Nc5 Nf8 34. Rf2 Rb5 35. Ne4 Rd5 36. Rc2 Kf7 37. Kf2 Ng6 38. g3 Ne7 39. Nd2 Rd6 40. Nf3 1-0